[Event "Summer op"]
[Site "Winnipeg CAN"]
[Date "2003.07.26"]
[Round "2"]
[White "Hogeveen Rutter, Alexander"]
[Black "Liebzeit, Mick"]
[Result "1-0"]
[WhiteElo "1661"]
[BlackElo "1039"]
[PlyCount "37"]
[EventDate "2003.07.25"]
[EventType "swiss"]
[EventRounds "5"]
[EventCountry "CAN"]

1. e4 c5 2. Nf3 d6 3. d4 cxd4 4. Nxd4 Nf6 5. Nc3 g6 6. Be3 Bg7 7. Qd2 O-O 8. f3
Nc6 9. O-O-O Ne5 10. Bh6 Bd7 11. Kb1 a5 12. h4 Nh5 13. g4 Ng3 14. Rg1 Nxf1 15.
Rdxf1 Qb6 16. Bxg7 Kxg7 17. Nd5 Nc4 18. Qc3 Qc5 19. Nf5+ 1-0

[Event "Summer op"]
[Site "Winnipeg CAN"]
[Date "2003.07.26"]
[Round "2"]
[White "Rutter, Blair"]
[Black "Baragar, Fletcher"]
[Result "0-1"]
[WhiteElo "1730"]
[BlackElo "2261"]
[PlyCount "54"]
[EventDate "2003.07.25"]
[EventType "swiss"]
[EventRounds "5"]
[EventCountry "CAN"]

1. d4 Nf6 2. c4 e6 3. a3 d5 4. Nc3 Be7 5. Nf3 O-O 6. h3 b6 7. Bf4 Bb7 8. e3
Nbd7 9. Bd3 c5 10. O-O cxd4 11. exd4 dxc4 12. Bxc4 Rc8 13. Bd3 Nd5 14. Bd2 N7f6
15. Ne2 Bd6 16. Bg5 h6 17. Bh4 g5 18. Bg3 Bxg3 19. Nxg3 Nf4 20. Ne2 Nxh3+ 21.
Kh2 Bxf3 22. gxf3 Nf4 23. Nxf4 Qd6 24. Rg1 Qxf4+ 25. Kh1 Rfd8 26. Rg2 Qxd4 27.
Be2 Qh4+ 0-1

[Event "Summer op"]
[Site "Winnipeg CAN"]
[Date "2003.07.26"]
[Round "3"]
[White "Baragar, Fletcher"]
[Black "Tang, Edward"]
[Result "1/2-1/2"]
[WhiteElo "2261"]
[BlackElo "1979"]
[PlyCount "30"]
[EventDate "2003.07.25"]
[EventType "swiss"]
[EventRounds "5"]
[EventCountry "CAN"]

1. d4 d5 2. c4 c6 3. Nf3 Nf6 4. Nc3 dxc4 5. a4 Bf5 6. e3 e6 7. Bxc4 Bb4 8. O-O
O-O 9. Nh4 Nbd7 10. Nxf5 exf5 11. Qc2 g6 12. b3 Rc8 13. Bb2 Qb6 14. Rfd1 Rfe8
15. Rac1 Qc7 1/2-1/2

[Event "Summer op"]
[Site "Winnipeg CAN"]
[Date "2003.07.26"]
[Round "3"]
[White "Clory, Ron"]
[Black "Hogeveen Rutter, Alexander"]
[Result "1/2-1/2"]
[WhiteElo "1669"]
[BlackElo "1661"]
[PlyCount "120"]
[EventDate "2003.07.25"]
[EventType "swiss"]
[EventRounds "5"]
[EventCountry "CAN"]

1. Nf3 g6 2. g3 Bg7 3. Bg2 Nf6 4. O-O O-O 5. c4 c5 6. Nc3 d6 7. d3 Nc6 8. a3
Rb8 9. Rb1 Bd7 10. Bd2 a6 11. Qc1 b5 12. cxb5 axb5 13. b4 cxb4 14. axb4 Qc7 15.
Re1 Rbc8 16. Nd1 Be6 17. Ne3 Qd7 18. Bc3 Nxb4 19. Rxb4 Nd5 20. Nxd5 Bxd5 21. d4
e5 22. Qb2 Qc6 23. Bd2 exd4 24. Rc1 Qa6 25. Rxc8 Rxc8 26. Ne1 Bxg2 27. Nxg2 d3
28. Qb1 dxe2 29. Re4 Rc5 30. Rxe2 Qc6 31. Qe1 Be5 32. Nf4 Rc2 33. Nd3 Bc3 34.
Bxc3 Rxc3 35. Qd2 Qc4 36. Nf4 Qc5 37. Re8+ Kg7 38. Qb2 Kh6 39. Re2 b4 40. Qd2
Kg7 41. Qd5 b3 42. Rb2 Rc2 43. Qxc5 dxc5 44. Rxc2 bxc2 45. Nd3 Kf6 46. Kf1 Kf5
47. f3 c4 48. Nc1 Ke5 49. Ne2 f5 50. Kf2 g5 51. Ke3 h5 52. Kd2 g4 53. f4+ Ke4
54. Kxc2 Ke3 55. Kd1 Kd3 56. Ke1 c3 57. Kf2 c2 58. Nc1+ Kd2 59. Ne2 Kd1 60.
Nc3+ Kd2 1/2-1/2

[Event "Summer op"]
[Site "Winnipeg CAN"]
[Date "2003.07.26"]
[Round "3"]
[White "Liebzeit, Mick"]
[Black "Gannon, Keith"]
[Result "0-1"]
[WhiteElo "1039"]
[BlackElo "1596"]
[PlyCount "152"]
[EventDate "2003.07.25"]
[EventType "swiss"]
[EventRounds "5"]
[EventCountry "CAN"]

1. e4 d6 2. d4 g6 3. Nc3 Bg7 4. Bc4 Nf6 5. Nge2 O-O 6. O-O Nc6 7. Be3 a6 8. Qd2
b5 9. Bb3 Na5 10. f3 Bb7 11. Bh6 Nxb3 12. axb3 Bxh6 13. Qxh6 Qd7 14. d5 c6 15.
Rfd1 cxd5 16. exd5 Qc7 17. Kh1 b4 18. Ne4 Nxe4 19. fxe4 Qxc2 20. Rd2 Qxe4 21.
Rd4 Qe5 22. Rh4 Qg7 23. Qg5 Qxb2 24. Rg1 Qg7 25. Qxe7 Bxd5 26. Qxd6 Bxb3 27.
Qxb4 Be6 28. Nf4 Rfe8 29. h3 a5 30. Qc5 a4 31. Qa3 Bb3 32. Nd3 Rad8 33. Nc5 Rd1
34. Nxb3 Rxg1+ 35. Kxg1 axb3 36. Qxb3 Qa1+ 37. Kh2 Qe5+ 38. Qg3 Qxg3+ 39. Kxg3
Kg7 40. Rf4 Rc8 41. Kh4 h6 42. Kg4 Rc5 43. h4 h5+ 44. Kh3 Rc3+ 45. g3 Rc1 46.
Kh2 Rd1 47. Re4 Kf6 48. Rf4+ Kg7 49. Re4 Rd7 50. Kh3 f6 51. Re6 Kf7 52. Rc6 Ra7
53. Rb6 Re7 54. Rd6 Re1 55. Kh2 g5 56. hxg5 fxg5 57. Rh6 Re2+ 58. Kg1 Re1+ 59.
Kg2 Re5 60. Rxh5 Kg6 61. Rh1 Kf5 62. Rf1+ Kg4 63. Rf3 Rc5 64. Re3 Rc2+ 65. Kg1
Kh3 66. Kf1 g4 67. Rd3 Kh2 68. Rd4 Kxg3 69. Rd3+ Kh2 70. Rd4 Rc1+ 71. Ke2 g3
72. Kf3 Rc3+ 73. Ke2 g2 74. Rg4 Rc2+ 75. Kd1 Ra2 76. Kc1 g1=Q+ 0-1

[Event "Summer op"]
[Site "Winnipeg CAN"]
[Date "2003.07.26"]
[Round "3"]
[White "Rutter, Blair"]
[Black "Anderson, George"]
[Result "1-0"]
[WhiteElo "1730"]
[BlackElo "1503"]
[PlyCount "75"]
[EventDate "2003.07.25"]
[EventType "swiss"]
[EventRounds "5"]
[EventCountry "CAN"]

1. d4 Nf6 2. c4 d5 3. Nc3 Bf5 4. Nf3 c6 5. h3 h6 6. Bf4 e6 7. a3 Nbd7 8. e3 Ne4
9. Nxe4 Bxe4 10. Nd2 Bg6 11. c5 Nf6 12. Be2 b6 13. b4 b5 14. O-O Be7 15. Nb3
Ne4 16. Rc1 Bg5 17. Bh2 O-O 18. Na5 f5 19. Nxc6 Qc8 20. Ne5 Bh7 21. Bxb5 f4 22.
Bd7 Qd8 23. Bxe6+ Kh8 24. exf4 Bxf4 25. Bxf4 Rxf4 26. Nf7+ Rxf7 27. Bxf7 Qf6
28. Bxd5 Rf8 29. Bxe4 Bxe4 30. f3 Bf5 31. g4 Qh4 32. Kh2 Bxg4 33. fxg4 Rf2+ 34.
Rxf2 Qxf2+ 35. Kh1 Qg3 36. Qf1 Qe3 37. Re1 Qxd4 38. Re8+ 1-0

[Event "Summer op"]
[Site "Winnipeg CAN"]
[Date "2003.07.26"]
[Round "3"]
[White "Vincent, Trevor"]
[Black "Lipnowski, Samuel"]
[Result "1-0"]
[WhiteElo "2023"]
[BlackElo "2135"]
[PlyCount "59"]
[EventDate "2003.07.25"]
[EventType "swiss"]
[EventRounds "5"]
[EventCountry "CAN"]

1. c4 e5 2. g3 c6 3. d4 e4 4. Nc3 f5 5. Bg2 Nf6 6. Bg5 Bb4 7. Qb3 Na6 8. e3 h6
9. Bxf6 Qxf6 10. Nge2 O-O 11. O-O d6 12. a3 Ba5 13. g4 fxg4 14. Nxe4 Qe7 15.
Nf4 Bf5 16. Nxd6 Bh7 17. Qxb7 Qxd6 18. Qxa6 Bc7 19. Qxc6 Rae8 20. c5 Qxc6 21.
Bxc6 Rxf4 22. exf4 Rf8 23. Rae1 Bd3 24. Re7 Bxf1 25. Rxc7 Bh3 26. Bd5+ Kh8 27.
f5 Rd8 28. Be6 h5 29. Rc8 Rxc8 30. Bxc8 1-0

[Event "Summer op"]
[Site "Winnipeg CAN"]
[Date "2003.07.26"]
[Round "3"]
[White "Zaczek, Jonathan"]
[Black "Khedkar, Jay"]
[Result "0-1"]
[WhiteElo "1642"]
[BlackElo "1952"]
[PlyCount "56"]
[EventDate "2003.07.25"]
[EventType "swiss"]
[EventRounds "5"]
[EventCountry "CAN"]

1. e4 c5 2. Nf3 Nc6 3. d4 cxd4 4. Nxd4 Nf6 5. Nc3 d6 6. Bg5 e6 7. Qd2 Be7 8.
O-O-O a6 9. f4 Qc7 10. a4 Bd7 11. g4 Rc8 12. Nb3 Na5 13. Nxa5 Qxa5 14. e5 Bc6
15. Bg2 dxe5 16. Bxc6+ Rxc6 17. Bxf6 gxf6 18. Qd7+ Kf8 19. Qxb7 Rc7 20. Qe4
exf4 21. Qxf4 Qg5 22. Rhf1 Rc4 23. Qxg5 fxg5 24. h3 h5 25. gxh5 Rxh5 26. Rd3
Rhh4 27. Rff3 Rcd4 28. Rde3 g4 0-1

[Event "Summer op"]
[Site "Winnipeg CAN"]
[Date "2003.07.27"]
[Round "4"]
[White "Curtis, Rory"]
[Black "Clory, Ron"]
[Result "1/2-1/2"]
[WhiteElo "1639"]
[BlackElo "1669"]
[PlyCount "59"]
[EventDate "2003.07.25"]
[EventType "swiss"]
[EventRounds "5"]
[EventCountry "CAN"]

1. d4 d6 2. c4 g6 3. Nc3 Bg7 4. e4 Nf6 5. Nf3 O-O 6. Be2 c5 7. O-O cxd4 8. Nxd4
Nc6 9. Be3 a6 10. Rc1 Bd7 11. h4 h5 12. Nf3 Bg4 13. Re1 Rc8 14. Ng5 Bxe2 15.
Qxe2 Ne5 16. Nd5 Nxd5 17. exd5 Qd7 18. f3 Qf5 19. Red1 Bf6 20. b4 Bxg5 21. Bxg5
f6 22. Bh6 Rfe8 23. Be3 Kf7 24. Bf2 Rg8 25. c5 g5 26. hxg5 Qxg5 27. Bd4 h4 28.
Bxe5 fxe5 29. c6 b5 30. Rc2 1/2-1/2

[Event "Summer op"]
[Site "Winnipeg CAN"]
[Date "2003.07.27"]
[Round "4"]
[White "Gannon, Keith"]
[Black "Anderson, George"]
[Result "1-0"]
[WhiteElo "1596"]
[BlackElo "1503"]
[PlyCount "108"]
[EventDate "2003.07.25"]
[EventType "swiss"]
[EventRounds "5"]
[EventCountry "CAN"]

1. e4 e6 2. d4 d5 3. exd5 Qxd5 4. Nc3 Qa5 5. Nf3 Nf6 6. Bd2 Qb6 7. b3 c5 8.
Bb5+ Bd7 9. Bxd7+ Nbxd7 10. Na4 Qc7 11. dxc5 Bxc5 12. Nxc5 Nxc5 13. Bb4 O-O 14.
O-O Rfd8 15. Qe2 a5 16. Bxc5 Qxc5 17. g3 Qc3 18. Rfd1 Rac8 19. Ne1 Nd5 20. Qd2
f6 21. Qxc3 Rxc3 22. Rd2 Rdc8 23. Rad1 Kf7 24. a4 f5 25. Rd3 Kf6 26. Rxc3 Rxc3
27. Kg2 b6 28. Rd2 g5 29. h3 h5 30. Nd3 e5 31. Nb2 Ke6 32. Nd1 Rc6 33. c3 Rd6
34. Rb2 f4 35. b4 axb4 36. cxb4 e4 37. a5 bxa5 38. bxa5 Ra6 39. Rb5 h4 40. gxf4
gxf4 41. Nb2 f3+ 42. Kg1 Rc6 43. Na4 Rc1+ 44. Kh2 Ra1 45. Nc5+ Kd6 46. Nxe4+
Ke5 47. Ng5 Ra3 48. a6 Kd4 49. a7 Kc4 50. Rb7 Ra2 51. Nxf3 Ra3 52. Nxh4 Nf4 53.
Rc7+ Kb5 54. Nf5 Nxh3 1-0

[Event "Summer op"]
[Site "Winnipeg CAN"]
[Date "2003.07.27"]
[Round "4"]
[White "Hogeveen Rutter, Alexander"]
[Black "Zaczek, Jonathan"]
[Result "1-0"]
[WhiteElo "1661"]
[BlackElo "1642"]
[PlyCount "54"]
[EventDate "2003.07.25"]
[EventType "swiss"]
[EventRounds "5"]
[EventCountry "CAN"]

1. e4 c5 2. Nf3 d6 3. d4 cxd4 4. Nxd4 Nf6 5. Nc3 a6 6. f3 e5 7. Nb3 Be6 8. Bg5
Nbd7 9. Be2 Be7 10. Qd2 b5 11. O-O O-O 12. Kh1 Ne8 13. Bxe7 Qxe7 14. Rad1 f5
15. Na5 Nb6 16. exf5 Rxf5 17. Bd3 Rh5 18. Be4 Rc8 19. Bb7 Rc5 20. Ne4 Nc4 21.
Nxc4 Bxc4 22. Nxc5 Bxf1 23. Bd5+ Kh8 24. Nxa6 Bc4 25. Nb4 Qh4 26. g3 Qf6 27.
Kg2 Qf5 1-0

[Event "Summer op"]
[Site "Winnipeg CAN"]
[Date "2003.07.27"]
[Round "4"]
[White "Khedkar, Jay"]
[Black "Lipnowski, Samuel"]
[Result "0-1"]
[WhiteElo "1952"]
[BlackElo "2135"]
[PlyCount "40"]
[EventDate "2003.07.25"]
[EventType "swiss"]
[EventRounds "5"]
[EventCountry "CAN"]

1. e4 c5 2. Nf3 d6 3. d4 cxd4 4. Nxd4 Nf6 5. Nc3 g6 6. Be3 Bg7 7. f3 O-O 8. Bc4
Nc6 9. Qd2 Bd7 10. O-O-O Qa5 11. Kb1 Rfc8 12. Bb3 Ne5 13. h4 Nc4 14. Bxc4 Rxc4
15. Nde2 Rac8 16. Bd4 Qa6 17. Qd3 b5 18. g4 b4 19. b3 bxc3 20. bxc4 Qb7+ 0-1

[Event "Summer op"]
[Site "Winnipeg CAN"]
[Date "2003.07.27"]
[Round "4"]
[White "Tang, Edward"]
[Black "Rutter, Blair"]
[Result "0-1"]
[WhiteElo "1979"]
[BlackElo "1730"]
[PlyCount "50"]
[EventDate "2003.07.25"]
[EventType "swiss"]
[EventRounds "5"]
[EventCountry "CAN"]

1. e4 e6 2. d4 d5 3. Nd2 c5 4. exd5 exd5 5. Ngf3 Nf6 6. Be2 Be7 7. dxc5 Bxc5 8.
Nb3 Bb6 9. Bg5 Bxf2+ 10. Kxf2 Ne4+ 11. Kg1 Nxg5 12. Bb5+ Nc6 13. Qe2+ Ne6 14.
c4 dxc4 15. Rd1 Qb6+ 16. Nbd4 O-O 17. Bxc6 bxc6 18. h3 Ba6 19. Qf2 Rad8 20. Kh2
Rd5 21. Rhf1 c3 22. Rfe1 cxb2 23. Qh4 Nxd4 24. Nxd4 c5 25. Nb3 Qd6+ 0-1

[Event "Summer op"]
[Site "Winnipeg CAN"]
[Date "2003.07.27"]
[Round "4"]
[White "Vincent, Trevor"]
[Black "Baragar, Fletcher"]
[Result "0-1"]
[WhiteElo "2023"]
[BlackElo "2261"]
[PlyCount "41"]
[EventDate "2003.07.25"]
[EventType "swiss"]
[EventRounds "5"]
[EventCountry "CAN"]

1. c4 e5 2. g3 d6 3. Bg2 g6 4. d4 Nd7 5. Nc3 Bg7 6. e4 exd4 7. Nb5 Ngf6 8. Nxd4
O-O 9. Nge2 Re8 10. f3 c6 11. O-O Nb6 12. Qb3 d5 13. cxd5 cxd5 14. Be3 Nc4 15.
Bg5 h6 16. Bxf6 Qxf6 17. f4 Nd2 18. Qb5 Qe7 19. Rfd1 Nxe4 20. Qxd5 Bf5 21. Nf3
0-1

[Event "Summer op"]
[Site "Winnipeg CAN"]
[Date "2003.07.27"]
[Round "5"]
[White "Anderson, George"]
[Black "Liebzeit, Mick"]
[Result "0-1"]
[WhiteElo "1503"]
[BlackElo "1039"]
[PlyCount "120"]
[EventDate "2003.07.25"]
[EventType "swiss"]
[EventRounds "5"]
[EventCountry "CAN"]

1. e4 c5 2. d4 cxd4 3. Bd3 Nc6 4. f4 Nf6 5. Nf3 d5 6. e5 Ng4 7. O-O Ne3 8. Bxe3
dxe3 9. Qe1 Qb6 10. b3 d4 11. Na3 Be6 12. Qg3 g6 13. Ng5 Bd7 14. Nc4 Qc7 15. f5
Qc8 16. fxg6 fxg6 17. Nxh7 Bf5 18. Bxf5 gxf5 19. Qg6+ Kd8 20. Rxf5 Bh6 21. e6
Rxh7 22. Qxh7 Qxe6 23. Qf7 Qxf7 24. Rxf7 Rc8 25. Rh7 Bg5 26. Rh8+ Kd7 27. Rxc8
Kxc8 28. Kf1 Bf6 29. Rc1 Bg5 30. Ke2 b5 31. Na3 a6 32. c3 Kb7 33. Rc2 Bh6 34.
h4 e5 35. g4 e4 36. g5 d3+ 37. Kxe3 dxc2 38. Nxc2 Bg7 39. Nd4 Ne7 40. Kxe4 Ng6
41. h5 Nf8 42. c4 bxc4 43. bxc4 Kb6 44. Nf5 Bb2 45. Kd5 Nh7 46. h6 Nxg5 47. c5+
Kc7 48. c6 Nf7 49. h7 Ng5 50. Nd6 Nxh7 51. Ne8+ Kd8 52. Ke6 Ng5+ 53. Kf5 Kxe8
54. Kxg5 Kd8 55. Kf5 Kc7 56. Ke4 Kxc6 57. Kd3 Kb5 58. Kc2 Be5 59. Kb3 a5 60.
Ka3 Bd6+ 0-1

[Event "Summer op"]
[Site "Winnipeg CAN"]
[Date "2003.07.27"]
[Round "5"]
[White "Clory, Ron"]
[Black "Gannon, Keith"]
[Result "1/2-1/2"]
[WhiteElo "1669"]
[BlackElo "1596"]
[PlyCount "138"]
[EventDate "2003.07.25"]
[EventType "swiss"]
[EventRounds "5"]
[EventCountry "CAN"]

1. Nf3 Nf6 2. g3 d5 3. d3 c5 4. Bg2 Nc6 5. O-O e5 6. Nbd2 Bd6 7. e4 d4 8. Nc4
Bg4 9. Nxd6+ Qxd6 10. h3 Be6 11. Ng5 Bd7 12. f4 h6 13. Nf3 O-O-O 14. fxe5 Nxe5
15. Bf4 Nxf3+ 16. Qxf3 Qb6 17. b3 Ne8 18. g4 f6 19. a4 Nc7 20. Bg3 Ne6 21. Bh2
Qc6 22. Qg3 Qc7 23. Qe1 Qb6 24. a5 Qc6 25. e5 Qa6 26. exf6 Bb5 27. Qg3 gxf6 28.
Rxf6 Kd7 29. Bxb7 Qxb7 30. Rf7+ Kc8 31. Rxb7 Kxb7 32. Qe5 Rhe8 33. Re1 Bc6 34.
Qf6 Ng5 35. Re7+ Rxe7 36. Qxe7+ Rd7 37. Qe6 Nf3+ 38. Kg2 Nxh2+ 39. Kxh2 Rd8 40.
Qe5 a6 41. Qf4 Re8 42. h4 Re3 43. g5 hxg5 44. hxg5 Re2+ 45. Kg3 Rxc2 46. g6 Re2
47. Qf1 Re3+ 48. Kf4 Bd5 49. Kg5 Rg3+ 50. Kh6 Rf3 51. Qe2 Rh3+ 52. Kg7 Re3 53.
Qg4 Re7+ 54. Kf6 Rc7 55. g7 Bxb3 56. g8=Q Bxg8 57. Qxg8 Rc6+ 58. Ke5 Rc7 59.
Kd5 c4 60. dxc4 d3 61. Qg1 Rd7+ 62. Kc5 d2 63. Qd1 Kc7 64. Kb4 Rd3 65. c5 Rd4+
66. Kc3 Rd5 67. Kc4 Rd8 68. Kc3 Rd5 69. Kc4 Rd8 1/2-1/2

[Event "Summer op"]
[Site "Winnipeg CAN"]
[Date "2003.07.27"]
[Round "5"]
[White "Curtis, Rory"]
[Black "Khedkar, Jay"]
[Result "1/2-1/2"]
[WhiteElo "1639"]
[BlackElo "1952"]
[PlyCount "81"]
[EventDate "2003.07.25"]
[EventType "swiss"]
[EventRounds "5"]
[EventCountry "CAN"]

1. d4 Nf6 2. c4 e6 3. Bg5 d5 4. cxd5 exd5 5. Nc3 Be7 6. e3 O-O 7. Bd3 Nbd7 8.
Nge2 Re8 9. Rc1 Nf8 10. O-O c6 11. f3 Ne6 12. Bh4 g6 13. Bf2 Ng7 14. Re1 Bd6
15. Ng3 h5 16. Nf1 g5 17. e4 dxe4 18. Nxe4 Bf4 19. Rc5 Nd5 20. a3 Ne6 21. Rc2
a5 22. Bc4 Kg7 23. Neg3 Bxg3 24. Nxg3 Nef4 25. Rxe8 Qxe8 26. Bxd5 cxd5 27. Rc7
h4 28. Nf1 g4 29. Bxh4 Qe2 30. Qxe2 Nxe2+ 31. Kf2 gxf3 32. gxf3 Nxd4 33. Ne3
Ne6 34. Rc1 Nf4 35. Rd1 Be6 36. Kg3 Rh8 37. Kxf4 Rxh4+ 38. Kg3 Rh3+ 39. Kg2 Rh5
40. f4 Bf5 41. Nxf5+ 1/2-1/2

[Event "Summer op"]
[Site "Winnipeg CAN"]
[Date "2003.07.27"]
[Round "5"]
[White "Hogeveen Rutter, Alexander"]
[Black "Tang, Edward"]
[Result "0-1"]
[WhiteElo "1661"]
[BlackElo "1979"]
[PlyCount "114"]
[EventDate "2003.07.25"]
[EventType "swiss"]
[EventRounds "5"]
[EventCountry "CAN"]

1. e4 c5 2. Nf3 d6 3. Nc3 Nc6 4. d4 cxd4 5. Nxd4 g6 6. Be3 Bg7 7. f3 Nf6 8. Bc4
O-O 9. Qd2 Bd7 10. O-O-O Ne5 11. Bb3 Qa5 12. Kb1 Rfc8 13. h4 Nc4 14. Bxc4 Rxc4
15. Nb3 Qc7 16. Bh6 Bh8 17. g4 Be6 18. h5 a5 19. hxg6 fxg6 20. g5 Rxc3 21. Qxc3
Qxc3 22. bxc3 Nh5 23. Nd4 Bc4 24. Rd2 Nf4 25. Rh4 Be5 26. Kb2 Rc8 27. a3 Ne6
28. Nxe6 Bxe6 29. Rd3 Bc4 30. Re3 Bg3 31. Rh1 Bf2 32. Rd3 Bxd3 33. cxd3 e5 34.
c4 Rc7 35. Rf1 Bd4+ 36. Kb3 Rf7 37. Ka4 b6 38. Kb5 Bc5 39. a4 Rf4 40. Kc6 Kf7
41. Kd7 Rh4 42. Kd8 Be3 43. Kd7 Bc5 44. Kd8 Ke6 45. Bf8 Rh5 46. Bh6 Rh3 47. Ke8
Rh4 48. Kd8 Rf4 49. Ke8 Rf7 50. Bf8 Ra7 51. Kd8 Ra8+ 52. Kc7 Rxf8 53. Rb1 Rxf3
54. Rxb6 Bxb6+ 55. Kxb6 Rxd3 56. Kxa5 Rd4 57. Kb6 Rxe4 0-1

[Event "Summer op"]
[Site "Winnipeg CAN"]
[Date "2003.07.27"]
[Round "5"]
[White "Lipnowski, Samuel"]
[Black "Baragar, Fletcher"]
[Result "0-1"]
[WhiteElo "2135"]
[BlackElo "2261"]
[PlyCount "62"]
[EventDate "2003.07.25"]
[EventType "swiss"]
[EventRounds "5"]
[EventCountry "CAN"]

1. e4 c5 2. Nc3 Nc6 3. Bb5 Nd4 4. Ba4 e6 5. Nf3 Ne7 6. Nxd4 cxd4 7. Ne2 Nc6 8.
O-O Bc5 9. d3 O-O 10. Ng3 Ne7 11. Qg4 f5 12. exf5 Nxf5 13. Bg5 Qe8 14. Nh5 Qf7
15. Rae1 b6 16. Bb3 Bb7 17. Bf6 Qg6 18. Bg5 h6 19. h4 hxg5 20. Nf4 Qh7 21. Nxe6
dxe6 22. Bxe6+ Kh8 23. Re5 Nxh4 24. f3 Rf4 25. Qxg5 Raf8 26. Bc4 Bd6 27. Re6
Rxf3 28. gxf3 Nxf3+ 29. Rxf3 Qh2+ 30. Kf1 Rxf3+ 31. Ke1 Bg3+ 0-1

[Event "Summer op"]
[Site "Winnipeg CAN"]
[Date "2003.07.27"]
[Round "5"]
[White "Rutter, Blair"]
[Black "Vincent, Trevor"]
[Result "0-1"]
[WhiteElo "1730"]
[BlackElo "2023"]
[PlyCount "96"]
[EventDate "2003.07.25"]
[EventType "swiss"]
[EventRounds "5"]
[EventCountry "CAN"]

1. d4 Nf6 2. c4 e5 3. d5 Bc5 4. e3 O-O 5. a3 a5 6. Nc3 d6 7. h3 c6 8. Nf3 cxd5
9. cxd5 Nbd7 10. Be2 Ne8 11. e4 f5 12. exf5 Rxf5 13. Bd3 Rf8 14. O-O Ndf6 15.
Bg5 h6 16. Be3 Bxe3 17. fxe3 Qb6 18. Qd2 Kh8 19. Nh4 Kg8 20. Rf3 Bd7 21. Raf1
Nc7 22. Kh1 Rfe8 23. Qc2 Rac8 24. Rxf6 gxf6 25. Bh7+ Kh8 26. Rxf6 Qxe3 27. Qg6
Re7 28. Rf7 Rxf7 29. Qxf7 Qc1+ 30. Kh2 Qf4+ 31. Qxf4 exf4 32. Be4 Kg7 33. Ne2
Re8 34. Bf3 Nxd5 35. Nd4 Re5 36. Kg1 Kf6 37. Kf2 Kg5 38. Bxd5 Rxd5 39. Nhf3+
Kf6 40. Ke2 Rc5 41. Kd2 Bc6 42. Ne1 Ke5 43. Nxc6+ Rxc6 44. Nf3+ Ke4 45. Ne1 Rb6
46. Kc3 d5 47. Nf3 Rc6+ 48. Kb3 d4 0-1

[Event "Syrena Club Tournament"]
[Site "Edmonton CAN"]
[Date "2003.06.07"]
[Round "1"]
[White "Kazakevich, Alexander"]
[Black "Li, Zhichao"]
[Result "0-1"]
[WhiteElo "1662"]
[BlackElo "2302"]
[PlyCount "90"]
[EventDate "2003.06.07"]
[EventRounds "4"]
[EventCountry "CAN"]

1. e4 e5 2. Nf3 Nc6 3. d4 exd4 4. Nxd4 Nxd4 5. Qxd4 Qf6 6. Be3 Qxd4 7. Bxd4 Ne7
8. Bd3 Nc6 9. Bc3 Bb4 10. Bxb4 Nxb4 11. Nc3 d6 12. Nd5 Nxd5 13. exd5 Bd7 14.
Kd2 O-O 15. Rhe1 Rfe8 16. Rxe8+ Rxe8 17. Re1 Rxe1 18. Kxe1 h6 19. Kd2 Kf8 20.
Ke3 Ke7 21. g3 Kf6 22. f4 Bh3 23. a3 Bg2 24. Be4 Bf1 25. Kd4 g5 26. fxg5+ Kxg5
27. Bf3 Bh3 28. c3 h5 29. b4 h4 30. Ke3 hxg3 31. hxg3 Kf5 32. Bh5 f6 33. Bf7
Ke5 34. c4 b6 35. Bg6 Bf1 36. Bd3 Bxd3 37. Kxd3 Kf5 38. Kd4 Kg4 39. c5 Kxg3 40.
cxd6 cxd6 41. Ke4 Kg4 42. Ke3 Kf5 43. Kd4 Kf4 44. Kc4 a6 45. Kd4 f5 0-1

[Event "Syrena Club Tournament"]
[Site "Edmonton CAN"]
[Date "2003.06.07"]
[Round "2"]
[White "Li, Zhichao"]
[Black "Caron, Harvey"]
[Result "1-0"]
[WhiteElo "2302"]
[BlackElo "1736"]
[PlyCount "145"]
[EventDate "2003.06.07"]
[EventRounds "4"]
[EventCountry "CAN"]

1. e4 c5 2. Nf3 d6 3. Bb5+ Bd7 4. Bxd7+ Nxd7 5. O-O Ngf6 6. d3 g6 7. c4 Bg7 8.
Nc3 O-O 9. Rb1 a6 10. Qc2 Rb8 11. a4 Re8 12. Bf4 Nh5 13. Be3 Rf8 14. b4 e6 15.
b5 a5 16. Bd2 b6 17. Ne2 f5 18. exf5 exf5 19. Ng3 Nxg3 20. hxg3 Ne5 21. Rbe1
Nxf3+ 22. gxf3 Qd7 23. Kg2 Rbe8 24. Qd1 Rxe1 25. Rxe1 Re8 26. Rxe8+ Qxe8 27.
Qe1 Qxe1 28. Bxe1 Kf7 29. Bd2 Ke6 30. Kf1 d5 31. Ke2 d4 32. Kf1 h6 33. g4 g5
34. f4 Bf6 35. f3 Be7 36. Kg2 Kf6 37. fxg5+ hxg5 38. gxf5 Kxf5 39. Be1 Bd6 40.
Kf2 Bf4 41. Ke2 g4 42. Bh4 gxf3+ 43. Kxf3 Bc7 44. Be7 Ke6 45. Bf8 Ke5 46. Kg4
Bb8 47. Bh6 Ke6 48. Kg5 Bc7 49. Kg6 Bd8 50. Bf4 Kd7 51. Kf7 Bh4 52. Bb8 Bg5 53.
Kg6 Bh4 54. Kf5 Bd8 55. Ke4 Bh4 56. Kd5 Bd8 57. Bf4 Bh4 58. Bd2 Bd8 59. Be1 Bg5
60. Bxa5 bxa5 61. Kxc5 Bd8 62. Kxd4 Bb6+ 63. Kd5 Ba7 64. c5 Kc7 65. b6+ Bxb6
66. cxb6+ Kxb6 67. d4 Kc7 68. Kc5 Kd7 69. Kd5 Kc7 70. Ke6 Kd8 71. d5 Ke8 72. d6
Kd8 73. d7 1-0

[Event "Syrena Club Tournament"]
[Site "Edmonton CAN"]
[Date "2003.06.07"]
[Round "3"]
[White "Olson, Hans"]
[Black "Li, Zhichao"]
[Result "0-1"]
[WhiteElo "1958"]
[BlackElo "2302"]
[PlyCount "62"]
[EventDate "2003.06.07"]
[EventRounds "4"]
[EventCountry "CAN"]

1. e4 e5 2. Nc3 Nc6 3. Bc4 Bb4 4. Nd5 Bc5 5. Qg4 g6 6. c3 Nf6 7. Qf3 Nxd5 8.
Bxd5 O-O 9. d4 exd4 10. Bh6 dxc3 11. Bxf8 Qxf8 12. bxc3 Ne5 13. Qg3 d6 14. h3
Be6 15. Ne2 Bxd5 16. exd5 Qh6 17. O-O Qd2 18. Nf4 Kh8 19. Rab1 b6 20. Qg5 Qxa2
21. Qf6+ Kg8 22. Rbe1 Rf8 23. Ra1 Bxf2+ 24. Kh1 Qc2 25. Rxf2 Qxf2 26. Nh5 Qxf6
27. Nxf6+ Kg7 28. Ne4 a5 29. Kg1 h6 30. Kf2 f5 31. Nd2 Re8 0-1

[Event "Syrena Club Tournament"]
[Site "Edmonton CAN"]
[Date "2003.06.07"]
[Round "4"]
[White "Li, Zhichao"]
[Black "Reeve, Jeff"]
[Result "1/2-1/2"]
[WhiteElo "2302"]
[BlackElo "2371"]
[PlyCount "86"]
[EventDate "2003.06.07"]
[EventRounds "4"]
[EventCountry "CAN"]

1. d4 Nf6 2. Nf3 g6 3. Bg5 Bg7 4. e3 O-O 5. Bd3 d6 6. Nbd2 Nbd7 7. c3 e5 8.
dxe5 dxe5 9. Ne4 Qe7 10. Qc2 h6 11. Nxf6+ Nxf6 12. Bxf6 Qxf6 13. Nd2 Be6 14.
Ne4 Qe7 15. O-O f5 16. Nd2 e4 17. Bc4 Kh7 18. Bxe6 Qxe6 19. Qb3 Qxb3 20. Nxb3
Rfd8 21. Rfd1 b6 22. Kf1 Kg8 23. Ke2 Kf7 24. Nd4 Bxd4 25. cxd4 c6 26. Rdc1 Rac8
27. Rc3 Ke7 28. Rac1 Kd6 29. b4 a6 30. a4 Rd7 31. b5 axb5 32. axb5 c5 33. Ra3
Rb7 34. Ra6 Rcc7 35. Ra4 cxd4 36. Rxd4+ Ke7 37. Rdc4 Rxc4 38. Rxc4 Rd7 39. g3
Rd6 40. f3 exf3+ 41. Kxf3 Kd7 42. h4 Rd5 43. Rc6 Rd6 1/2-1/2

[Event "TNT April op"]
[Site "Winnipeg CAN"]
[Date "2003.04.01"]
[Round "1"]
[White "Anderson, George"]
[Black "Henson, Joshua"]
[Result "0-1"]
[WhiteElo "1535"]
[BlackElo "2171"]
[PlyCount "34"]
[EventDate "2003.04.01"]
[EventType "swiss"]
[EventRounds "4"]
[EventCountry "CAN"]
[Source "ChessBase"]
[SourceDate "2003.11.25"]

1. e4 d5 2. Bd3 e6 3. Nc3 Nf6 4. Qe2 Be7 5. exd5 exd5 6. Nf3 O-O 7. O-O c5 8.
Nd1 c4 9. Bxc4 dxc4 10. Qxc4 Nc6 11. d3 Bg4 12. Be3 Bxf3 13. gxf3 Ne5 14. Qc3
Qd5 15. Kh1 Qxf3+ 16. Kg1 Bd6 17. d4 Neg4 0-1

[Event "TNT April op"]
[Site "Winnipeg CAN"]
[Date "2003.04.01"]
[Round "1"]
[White "Czypinski, Jaroslaw"]
[Black "Reimer, Bruce"]
[Result "1-0"]
[WhiteElo "1959"]
[BlackElo "1318"]
[PlyCount "67"]
[EventDate "2003.04.01"]
[EventType "swiss"]
[EventRounds "4"]
[EventCountry "CAN"]
[Source "ChessBase"]
[SourceDate "2003.11.25"]

1. e4 d6 2. d4 Nf6 3. Nc3 g6 4. Be2 Bg7 5. h4 Nc6 6. Be3 e5 7. d5 Ne7 8. h5 O-O
9. Nh3 Bxh3 10. Rxh3 c6 11. hxg6 fxg6 12. Qd2 cxd5 13. Nxd5 Nexd5 14. Bc4 Qc7
15. Bxd5+ Nxd5 16. Qxd5+ Rf7 17. Rf3 Raf8 18. O-O-O Rc8 19. Qxf7+ Qxf7 20. Rxf7
Kxf7 21. Rxd6 Rc7 22. Bxa7 Ke7 23. Rd5 h5 24. Kd2 Rd7 25. Bc5+ Ke6 26. c4 Bf6
27. b4 Be7 28. Rxd7 Kxd7 29. Bxe7 Kxe7 30. c5 Kd7 31. b5 g5 32. f3 g4 33. fxg4
hxg4 34. a4 1-0